00936nam a2200229 a 4500001001000000003000500010005001700015008004100032010001100073011001100084040000900095100003500104245022200139260004100361500006000402502010900462650001700571650001900588650001300607856001600620856007000636000111840CHAP20220329144231.0150922s2015 mx a fsm |||||||spa d a108301 a109273 cCHAP1 aBeltrán Beltrán, Ana Karen10aResistencia de biotipos de avena fatua al clodinafop-propargyl, herbicida inhibidor de la acetil coenzima-a carboxilasa (ACCasa), en el bajío y noroeste del país /h[En línea]cpor Ana Karen Beltrán Beltrán. aChapingo, Méx. :bEl autor,c2015. aPara ver el contenido del material haga clic en la liga aTesis (Ing. Agr. Esp. en Parasitología Agrícola) -- UACH. Departamento de Parasitología Agrícola14aAvena fatua.14aAvenazSonora.14aEnzimas. a1 n0000896 aFinding aiduhttp://10.13.5.2/tesis/sist111840.pdfzTeclea aquí